Applying the code for sustainable homes on the BRE innovation park (Record no. 108924)

MARC details
000 -LEADER
fixed length control field 01015cam a22002655a 4500
001 - CONTROL NUMBER
control field E145792
008 - FIXED-LENGTH DATA ELEMENTS--GENERAL INFORMATION
fixed length control field 081110s2008 xxka f 000 0 eng d
020 ## - INTERNATIONAL STANDARD BOOK NUMBER
International Standard Book Number 9781848060654
035 ## - SYSTEM CONTROL NUMBER
System control number (Sirsi) u145792
041 0# - LANGUAGE CODE
Language code of text/sound track or separate title eng
050 04 - LIBRARY OF CONGRESS CALL NUMBER
Classification number 696.9 $2 18
100 1# - MAIN ENTRY--PERSONAL NAME
Personal name Gaze, Christopher
245 00 - TITLE STATEMENT
Title Applying the code for sustainable homes on the BRE innovation park
Remainder of title lessons learnt about architecture, construction and material sourcing
260 ## - PUBLICATION, DISTRIBUTION, ETC.
Place of publication, distribution, etc. Watford
Name of publisher, distributor, etc. BRE
Date of publication, distribution, etc. 2008
300 ## - PHYSICAL DESCRIPTION
Extent 8p.
Other physical details col. ill.
Dimensions 30cm.
490 #0 - SERIES STATEMENT
Series statement BRE Information Paper
Volume/sequential designation IP 9/08 Part 4
520 ## - SUMMARY, ETC.
Summary, etc. The fourth in a four part series of information papers discussing the information gathered from the BRE Innovation Park regarding the Code for Sustainable Homes 2006 (see E144730, E145213 and E145463 for Parts 1 to 3).
521 ## - TARGET AUDIENCE NOTE
Target audience note Advanced
590 ## - LOCAL NOTE (RLIN)
Local note KA
650 24 - SUBJECT ADDED ENTRY--TOPICAL TERM
Topical term or geographic name entry element CODE FOR SUSTAINABLE HOMES
651 #4 - SUBJECT ADDED ENTRY--GEOGRAPHIC NAME
Geographic name United Kingdom
Chronological subdivision
690 ## - LOCAL SUBJECT ADDED ENTRY--TOPICAL TERM (OCLC, RLIN)
Topical term or geographic name as entry element BUILT ENVIRONMENT-SUSTAINABLE CONSTRUCTION
700 1# - ADDED ENTRY--PERSONAL NAME
Personal name Clift, Mike
942 ## - ADDED ENTRY ELEMENTS (KOHA)
Suppress in OPAC 0
Holdings
Withdrawn status Lost status Source of classification or shelving scheme Damaged status Not for loan Home library Current library Shelving location Date acquired Total Checkouts Full call number Barcode Date last seen Date last checked out Copy number Price effective from Koha item type
    Dewey Decimal Classification     London London BRE publications 16/12/2008 2 ENQUIRY DESK 30076306 06/08/2019 05/05/2009 1 06/08/2019 Book